Statistics for States of the Holy Roman Empire in 1356

Click here to take the quiz!

General Stats

  • This quiz has been taken 36,198 times
    (29,272 since last reset)
  • The average score is 64 of 388

Answers on the Map

Answers color-coded by a green-red scale on the quiz's map according to % correct below.
 

Answer Stats

State% Correct
Bavaria-Munich
87%
Bavaria-Landshut
81%
Bavaria-Straubing
79%
Bohemia
75%
Hamburg
75%
Austria
74%
Milan
70%
Saxony
70%
Holland
68%
Brandenburg
67%
Brandenburg
66%
Genoa
66%
Berg
61%
Cologne
61%
Frankfurt
60%
Bremen
59%
Holstein-Kiel
59%
Florence
58%
Luxembourg
56%
Bern
55%
Geneva
55%
Moravia
53%
Holstein-Rendsburg
52%
Holstein-Schauenburg
52%
Zurich
52%
Baden
51%
Flanders
51%
Tyrol
51%
Burgundy
50%
Pomerania-Stettin
49%
Salzburg
48%
Hesse
47%
Provence
46%
Savoy
46%
Pisa
45%
Pomerania-Wolgast
45%
Lorraine
44%
Lübeck
44%
Nuremberg
43%
Württemberg
43%
Zeeland
43%
Aachen
41%
Mainz
41%
Straßburg
40%
Utrecht
40%
Anhalt
39%
Brabant
39%
Dresden
39%
Monaco
39%
Palatinate
39%
Styria
38%
Ulm
36%
Thuringia
35%
Trier
35%
Augsburg
34%
Basel
34%
Dortmund
34%
Münster
34%
Oldenburg
34%
Liège
33%
Lucca
33%
Trent
33%
Verona
33%
Siena
32%
Modena
31%
Piedmont
31%
Essen
30%
Magdeburg
30%
Rheingraviate
29%
Breslau
28%
Trieste
28%
Carinthia
27%
Fribourg
26%
Gelre
25%
Nassau
25%
Lüneburg
24%
Mantua
24%
Metz
24%
Padua
24%
Bar
23%
Regensburg
23%
Würzburg
22%
Constance
21%
Oppeln
21%
Carniola
20%
Constance
20%
Hohenzollern
20%
Lausanne
20%
Lucerne
20%
Aquileia
19%
Cleves
19%
Hainaut
19%
Montferrat
19%
Mülhausen
19%
Passau
19%
Saarbrücken
19%
Schwerin
19%
Bamberg
18%
Cilli
18%
Lippe
18%
St. Gallen
18%
Dithmarschen
17%
Namur
17%
Osnabrück
17%
Valais
17%
Worms
17%
Biel
16%
Glogau
16%
Lauenburg
16%
Neuchâtel
16%
Saluzzo
16%
Schwyz
16%
Uri
16%
Verden
16%
Verdun
16%
Hall
15%
Zug
15%
Meissen
14%
Paderborn
14%
Pavia
14%
Ravensberg
14%
Ravensburg
14%
Reggio
14%
Arezzo
13%
Chur
13%
Kolmar
13%
Teutonic Order
13%
Tull
13%
Auschwitz
12%
Besançon
12%
Görz
12%
Goslar
12%
Göttingen
12%
Jülich
12%
Aalen
11%
Cambrai
11%
Fulda
11%
Liegnitz
11%
Memmingen
11%
Brixen
10%
Loon
10%
Mark
10%
Ruppin
10%
Schaumberg
10%
Speyer
10%
Troppau
10%
Alba
9%
Breisgau
9%
Freising
9%
Glarus
9%
Lindau
9%
Mühlhausen
9%
Nidwalden
9%
Obwalden
9%
Rothenburg
9%
Schwarzburg
9%
Sion
9%
Solothurn
9%
Sundgau
9%
Teck
9%
Waldeck
9%
Zweibrücken-Bitsch
9%
Belluno
8%
Brieg
8%
Cammin
8%
Enghien
8%
Finale
8%
Hanau
8%
Hildesheim
8%
Kempten
8%
Neisse
8%
Stargard
8%
Teschen
8%
Tübingen
8%
Wolfenbüttel
8%
Bentheim
7%
Burgau
7%
Chiny
7%
Fürstenberg
7%
Gmünd
7%
Hohenlohe
7%
Hoya
7%
Lebus
7%
Montfort
7%
Oels
7%
Pyrmont
7%
Reutlingen
7%
Schweidnitz
7%
St. Maurice
7%
Tecklenburg
7%
Vogtland
7%
Werle
7%
Zweibrücken-Zweibrücken
7%
Apremont
6%
Arenberg
6%
Arnsberg
6%
Berchtesgaden
6%
Diepholz
6%
Donauwörth
6%
Eichstätt
6%
Engelberg
6%
Esslingen
6%
Fosdinovo
6%
Gruyères
6%
Hagenau
6%
Homburg
6%
Hoorn
6%
Lichtenberg
6%
Minden
6%
Mömpelgard
6%
Münsterberg
6%
Noli
6%
Nordhausen
6%
Nordlingen
6%
Offenburg
6%
Ratzeburg
6%
Raugraviate
6%
Rottweil
6%
Salm
6%
Schweinfurt
6%
Sovana
6%
Stavelot-Malmedy
6%
Steinau
6%
Tresana
6%
Vaudémont
6%
Ventimiglia
6%
Werden-Helmstedt
6%
Ahaus
5%
Belmont
5%
Biberach
5%
Blankenburg
5%
Bopfingen
5%
Buchau
5%
Castell
5%
Clavesana
5%
Colditz
5%
Corvey
5%
Cuijk
5%
Delmenhorst
5%
Disentis
5%
Dohna
5%
Eschenbach
5%
Falkenstein
5%
Friedburg
5%
Goldegg
5%
Grubenhagen
5%
Halberstadt
5%
Heinsberg
5%
Henneberg
5%
Hohenberg
5%
Isenburg
5%
Kirchberg
5%
Königsegg
5%
Leuchtenberg
5%
Limpurg
5%
Löwenstein
5%
Mansfeld
5%
Merseburg
5%
Misox
5%
Oettingen
5%
Ortenburg
5%
Prüm
5%
Rochefort
5%
Saarwerden
5%
Salem
5%
Sargans
5%
Sayn
5%
Schlettstadt
5%
Schönburg
5%
Sponheim
5%
St. Blaise
5%
Toggenburg
5%
Türkheim
5%
Überlingen
5%
Waldburg
5%
Waldenburg
5%
Weil
5%
Weissenburg
5%
Wetzlar
5%
Wied
5%
Wissembourg
5%
Wittgenstein
5%
Badenweiler
4%
Beichlingen
4%
Beuren
4%
Blamont
4%
Bruchhausen
4%
Buchhorn
4%
Dagsburg
4%
Dinkelsbühl
4%
Eberstein
4%
Ellwangen
4%
Erbach
4%
Everstein
4%
Fleckenstein
4%
Gelnhausen
4%
Gengenbach
4%
Giengen
4%
Gleichen
4%
Hattstatt
4%
Havelberg
4%
Heiligenberg
4%
Helfenstein
4%
Hellenstein
4%
Hersfeld
4%
Hohengeroldseck
4%
Hohenlimburg
4%
Hohnstein
4%
Katzenelnbogen
4%
Kling
4%
Kornelimünster
4%
Laufenburg
4%
Leiningen
4%
Leisnig
4%
Leutkirch
4%
Mosbach
4%
Murbach
4%
Murten
4%
Naumburg
4%
Nellenburg
4%
Oberehnheim
4%
Ochsenhausen
4%
Orlamünde
4%
Ottobeuren
4%
Payerne
4%
Pfullendorf
4%
Pitigliano
4%
Querfort
4%
Rieneck
4%
Rosheim
4%
Sausenburg
4%
Solms
4%
Spiegelberg
4%
Stolberg
4%
Stühlingen
4%
Veldenz
4%
Wangen
4%
Weingarten
4%
Werdenberg
4%
Wernigerode
4%
Wertheim
4%
Wildenberg
4%
Wimpfen
4%
Windsheim
4%
Ziegenhain
4%
Fénétrange
3%
Gersau
3%
Hachberg
3%
Hayingen
3%
Höwen
3%
Kaysersberg
3%
Kevernburg
3%
Lützelstein
3%
Manderscheid
3%
Neuenahr
3%
Püttlingen
3%
Rappoltstein
3%
Rietberg
3%
Rottenmünster
3%
Schussenried
3%
Schwalenberg
3%
Truhendingen
3%
Urseren
3%
Veringen
3%
Walkenried
3%
Weggis
3%
Westerburg
3%
Wunstorf
3%
Zwiefalten
3%

Score Distribution

Percentile by Number Answered

Percent of People with Each Score

Your Score History

You have not taken this quiz since the last reset